Where is Assam? : (Record no. 25433)

MARC details
000 -LEADER
fixed length control field 01098cam a2200301 a 4500
001 - CONTROL NUMBER
control field 13949108
003 - CONTROL NUMBER IDENTIFIER
control field BDDh-ASL
005 - DATE AND TIME OF LATEST TRANSACTION
control field 20231015030503.0
008 - FIXED-LENGTH DATA ELEMENTS--GENERAL INFORMATION
fixed length control field 050502s2003 ii 000 0 eng
010 ## - LIBRARY OF CONGRESS CONTROL NUMBER
LC control number 2004329010
025 ## - OVERSEAS ACQUISITION NUMBER
Overseas acquisition number I-E-2004-329010; 65-16
037 ## - SOURCE OF ACQUISITION
Source of stock number/acquisition Library of Congress -- New Delhi Overseas Office
Terms of availability Rs20.00
040 ## - CATALOGING SOURCE
Original cataloging agency DLC
Transcribing agency DLC
Modifying agency BDDh-ASL
042 ## - AUTHENTICATION CODE
Authentication code lcode
043 ## - GEOGRAPHIC AREA CODE
Geographic area code a-ii---
050 00 - LIBRARY OF CONGRESS CALL NUMBER
Classification number DS485.A87
Item number L83 2003
082 ## - DEWEY DECIMAL CLASSIFICATION NUMBER
Classification number 954
Item number LUW
100 1# - MAIN ENTRY--PERSONAL NAME
Personal name Ludden, David E.
245 10 - TITLE STATEMENT
Title Where is Assam? :
Remainder of title using geographical history to locate current social realities /
Statement of responsibility, etc. David Ludden.
260 ## - PUBLICATION, DISTRIBUTION, ETC.
Place of publication, distribution, etc. Guwahati :
Name of publisher, distributor, etc. Centre for Northeast India, South and Southeast Asia Studies, Omeo Kumar Das Institute for Social Change and Development,
Date of publication, distribution, etc. c2003.
300 ## - PHYSICAL DESCRIPTION
Extent v, 22 p. :
Dimensions 22 cm.
440 #0 - SERIES STATEMENT/ADDED ENTRY--TITLE
Title CENISEAS papers ;
Volume/sequential designation no. 1
651 #0 - SUBJECT ADDED ENTRY--GEOGRAPHIC NAME
Geographic name Assam (India)
General subdivision Historical geography.
710 2# - ADDED ENTRY--CORPORATE NAME
Corporate name or jurisdiction name as entry element Centre for Northeast India, South and Southeast Asia Studies.
906 ## - LOCAL DATA ELEMENT F, LDF (RLIN)
a 7
b cbc
c origode
d 3
e ncip
f 20
g y-gencatlg
942 ## - ADDED ENTRY ELEMENTS (KOHA)
Source of classification or shelving scheme Dewey Decimal Classification
Koha item type Books
Holdings
Withdrawn status Lost status Source of classification or shelving scheme Damaged status Not for loan Collection code Home library Current library Shelving location Date acquired Source of acquisition Total Checkouts Full call number Barcode Date last seen Copy number Price effective from Koha item type
    Dewey Decimal Classification     Non-fiction Asiatic Society Library Asiatic Society Library Sirajul Islam Collection 07/16/2021 Donated by Professor Sirajul Islam, FRHS   954 LUW 110213 07/16/2021 C-1 07/16/2021 Books

Powered by Koha